000 00401nam a2200157Ia 4500
005 20250627022253.0
008 240331s9999 xx 000 0 und d
020 _a9559501925
082 _bEDI
_a370
100 _aEdirisinghe,P
245 0 _aDaruwa saha mihikatha
260 _c1992
300 _a216 p .,
500 _aA story revolving around the modern education system in Sri Lanka
942 _cL
999 _c5088
_d5088